First U.S. Cities You'll See on the Google Map - Hard Version - Statistics

General Stats
  • This quiz has been taken 65 times
  • The average score is 29 of 52
Answer Stats
Scale City % Correct
1:2,500,000 Chicago
98%
1:2,000,000 New York
98%
1:1,333,333 Seattle
96%
1:1,333,333 Dallas
94%
1:2,500,000 Los Angeles
92%
1:2,500,000 Miami
92%
1:2,500,000 Houston
90%
1:1,333,333 Portland
90%
1:1,333,333 San Francisco
87%
1:2,000,000 Atlanta
85%
1:1,333,333 Denver
83%
1:2,500,000 Honolulu
83%
1:2,500,000 Anchorage
81%
1:1,333,333 Phoenix
81%
1:1,333,333 Jacksonville
79%
1:2,500,000 Las Vegas
79%
1:1,333,333 Tampa
79%
1:1,333,333 Charlotte
77%
1:1,333,333 Minneapolis
77%
1:1,333,333 Orlando
75%
1:1,333,333 Salt Lake City
75%
1:1,333,333 San Antonio
75%
1:2,500,000 San Diego
75%
1:1,333,333 St. Louis
75%
1:1,333,333 Austin
73%
1:1,333,333 Nashville
71%
1:1,333,333 Columbus
65%
1:1,333,333 Fairbanks
63%
1:1,333,333 Indianapolis
63%
1:1,333,333 Juneau
62%
1:1,333,333 San Jose
62%
1:1,333,333 Albuquerque
60%
1:1,333,333 Sacramento
54%
1:2,500,000 Hilo
50%
1:1,333,333 San Juan
46%
1:1,333,333 Tucson
46%
1:1,333,333 Nome
42%
1:1,333,333 Utqiagvik
31%
1:1,333,333 Kodiak
21%
1:1,333,333 Unalaska
15%
1:1,333,333 Valdez
13%
1:1,333,333 Kenai
12%
1:1,333,333 Adak
8%
1:1,333,333 Homer
8%
1:1,333,333 Kailua-Kona
8%
1:1,333,333 Prudhoe Bay
8%
1:1,333,333 Seward
6%
1:1,333,333 Akutan
4%
1:1,333,333 Kotzebue
4%
1:1,333,333 Talkeetna
2%
1:1,333,333 Atka
0%
1:1,333,333 Eielson AFB
0%
No matching quizzes found
Score Distribution
Percent of People with Each Score
Percentile by Number Answered
Your Score History
You have not taken this quiz